Litany Against Fear (Dune) Quiz Stats

 Plays Quiz Updated Mar 26, 2020

     
Support Sporcle.
Go Orange.
Score 0/14 Timer 03:00
0 Plays Today
Beginning Answer % Correct
I must notfear.
98%
Fear is themind-killer.
67.4%
Fear is thelittle death
49.1%
I willface
42.7%
that brings totalobliteration.
33.4%
OnlyI will remain.
32.3%
there will benothing.
30%
Beginning Answer % Correct
it topass over
29.5%
me andthrough me.
28.9%
to see itspath.
27.6%
my fear. I willpermit
27.4%
I will turn theinner eye
24.3%
Where thefear has gone
21.1%
And when it hasgone past
17.5%

From the Vault

Constitutional Amendments

by 3sticks

History 2m
Don't interfere with anything in the Constitution. That must be maintained, for it is the only safeguard of our liberties. --Abraham Lincoln
Remove Ads.
Support Sporcle.
Get the best of Sporcle when you Go Orange. This ad-free experience offers more features, more stats, and more fun while also helping to support Sporcle. Thank you for becoming a member.

Show Comments

Extras

Top Quizzes Today


Score Distribution

Your Account Isn't Verified!

In order to create a playlist on Sporcle, you need to verify the email address you used during registration. Go to your Sporcle Settings to finish the process.

Report this User

Report this user for behavior that violates our Community Guidelines.

Details: